| 000 | 00831nam a22002057a 4500 | ||
|---|---|---|---|
| 999 |
_c7883 _d7883 |
||
| 003 | AR-CdUCM | ||
| 008 | 190321b ||||| |||| 00| 0 spa d | ||
| 040 |
_aMUNICIPALIDAD PROVINCIAL DEL CUSCO _cBIBLIOTECA MUNICIPAL DEL CUSCO |
||
| 082 |
_a658.7 / _bSE42 |
||
| 100 |
_aSerna Silva, Giovanna J. _922290 |
||
| 245 | _aMarketing de Servicios / | ||
| 260 |
_aCusco : _c2008. |
||
| 300 |
_a310 páginas ; _c20 cm. |
||
| 505 | _aContenido : Generalidades -- Los servicios -- Empresas de Servicios -- Estrategias de Marketing -- Marketing de Servicios -- Las estrategias y el marketing de servicios -- Planes de Marketing -- El cliente -- Bibliografias... | ||
| 650 |
_aEstrategias de Marketing _922291 |
||
| 650 |
_aEmpresas de Servicios _911374 |
||
| 650 |
_aAdministracion de Empresas _96082 |
||
| 942 |
_2ddc _cLIBROS |
||
| 945 | _artm | ||